| 000 | 00373nam a22001457a 4500 | ||
|---|---|---|---|
| 005 | 20200610131137.0 | ||
| 008 | 200610b xxu||||| |||| 00| 0 eng d | ||
| 082 | _a345.4 AIR | ||
| 110 |
_aALL INDIA REPORTER _95919 |
||
| 245 | _aALL INDIA REPORTER, (1972) DELHI HIGH COURT | ||
| 260 |
_aBOMBAY _bALL INDIA REPORTER |
||
| 300 | _a288;p | ||
| 650 |
_aLAW _95701 |
||
| 942 | _cJRL | ||
| 999 |
_c6981 _d6979 |
||